00543nam a22001697a 450000500170000000800410001702000150005805000210007310000250009424500550011925000120017426000510018630000210023749000330025850400380029165000440032920200122090858.0200122b ilu||||| |||| 00| 0 eng d a025202866X04aKF4770bB49 20031 aBezanson, Randall P.10aHow free can the press be?c / Randall P. Bezanson a1a. ed. aChicago :bUniversity of Illinois Press,c2003 a258 p. ;c23 cm.0 aThe History of Communication aIncluye bibliografía e índice 4aLibertad de expresiónzEstados Unidos